[Event "Klubbmesterskapet 2022 (A)"]
[Site "Ås, Viken NOR"]
[Date "2022.10.27"]
[Round "6"]
[White "Thowsen, Alf Geir"]
[Black "Samset, Jon"]
[Result "1-0"]
[WhiteElo "1372"]
[BlackElo "1378"]
[Annotator "Lea,Per"]
[PlyCount "151"]
[EventDate "2022.09.08"]

1. d4 d5 2. c4 e5 {Albins motgambit; en sjelden (og tve-egget) variant som
sjelden fører til kjedelige remispartier. I partifila på hjemmesiden er det i
skrivende stund 46 partier under ECO-kodene D08 og D09: Hvit har vunnet 16,
svart har vunnet 23 og bare 7 har blitt remis. Av de 46 partiene står
undertegnede for 30, mens Aksel Heien har 4, Vegard Garmark 3 og Steinar
Simonsen 2. Ingen andre Follo-spillere står registrert med mer enn ett
Albin-parti.} 3. dxe5 d4 4. Nf3 ({En kjent(?) felle i denne gambiten er} 4. e3
Bb4+ 5. Bd2 dxe3 6. Bxb4 exf2+ 7. Ke2 fxg1=N+ $1 {Poenget er at svart gir en
sjakk og dermed rekker ikke hvit å bytte dronning først og slå på g1 etterpå
Det naturlige} 8. Rxg1 {strander på} Bg4+ {med dronningvinst}) 4... Nc6 5. b3 {
Ser veldig naturlig ut, men de vanligste fortsettelsene er} (5. g3) (5. a3) (5.
Nbd2 {i denne rekkefølgen} Nge7) 5... Bc5 (5... Bb4+ {er førstevalget til
Stockfish, men det virker ikke unaturlig å dekke bonden på d4. Problemet er at
løperen kan bli jaget vekk etter a3, b4 og eventuelt c5.}) 6. Bb2 Nge7 7. Nbd2
O-O (7... Ng6 {for å vinne tilbake gambitbonden var et fristende alternativ})
8. g3 Ng6 9. Bg2 Bg4 ({Her kunne svart ha vunnet tilbake bonden med} 9... Ngxe5
10. Nxe5 Nxe5) (9... Bf5) ({og} 9... Re8 {er andre alternativer}) 10. O-O (10.
Ne4 Bb4+ 11. Kf1 (11. Nfd2 Ncxe5 12. f3 Bf5 13. O-O) 11... d3 12. a3 Be7 13. h3
dxe2+ 14. Qxe2 Bxf3 15. Bxf3 Nd4 16. Qd1 {skal være bedre for hvit, men mange
vil nok allikevel foretrekke de svarte brikkene her}) 10... Rb8 11. Ne4 b6 12.
Nxc5 bxc5 13. Re1 (13. Qd2 Ncxe5 14. Nxe5 Nxe5 15. f4 Ng6 16. h3 Bc8 {er klart
fordelaktig for hvit}) 13... Ncxe5 14. Nxe5 Nxe5 15. f3 Bh5 16. Qd2 (16. Ba3
Qd6 17. e3 Rfe8 {er enda bedre}) 16... f6 17. f4 Ng4 18. Bf3 Qe8 19. Bc1 (19.
Ba3 {gir en vinnende fordel, men etter teksttrekket er det svart som har en
fordel}) 19... Ne3 20. Qd3 $2 {Nå er det svart som står til vinst} Bg6 21. Qd2
Nc2 22. Bb2 Nxa1 23. Rxa1 Qe3+ $2 {Kaster bort hele vinststillingen} 24. Qxe3
dxe3 25. Ba3 Rfe8 26. Bxc5 a5 27. Bc6 Red8 28. Bxe3 Rd6 29. Bd5+ Bf7 30. Bc5
Rd7 31. e4 Bxd5 32. exd5 {Hvit har 2 bønder for kvaliteten, og klart bedre
bondestilling. Stockfish's dom er "kliss lik stilling"} Re8 33. Kf2 g5 34. Rd1
gxf4 35. gxf4 f5 (35... Kf7 {holder balansen}) 36. Bd4 {Dette skal være lett
vunnet for hvit. Selv om alle bøndene på kongefløyen er svake, er hvits
bondekjede på dronningfløyen klart bedre enn den svarte.} Rde7 37. Be5 h5 38.
h4 Kh7 39. Rg1 Rg8 40. Rg5 (40. Rxg8 Kxg8 41. Ke3 {er enda mer overbevisende})
40... Rxg5 41. hxg5 {Nå har svart tross alt en fribonde, men den er allikevel
svak} Kg6 42. Kg3 Rd7 43. a3 Kf7 44. c5 $4 {En stygg bukk som serverer partiet
på et sølvfat til svart} Rxd5 45. b4 Rd3+ {Nå er det svart som står til "kliss
vinst"} 46. Kh4 Kg6 $2 {Nå er det svart som returnerer deler av gaven: denne
stillingen er remis} (46... axb4 47. axb4 c6 {beholder fordelen}) 47. Bxc7 a4
$4 {Nå kaster svart også bort remissjansene} (47... axb4 48. axb4 Rb3 49. Ba5
Rc3 50. Bc7 Rc4 {er remis}) 48. Bd6 Rxa3 49. c6 Rc3 50. b5 a3 51. Bxa3 Rxa3 52.
b6 Ra4 53. c7 Rxf4+ 54. Kg3 Rg4+ 55. Kf3 Rc4 56. b7 Rc3+ 57. Kg2 Rc2+ 58. Kf3
Rc3+ 59. Ke2 (59. Kf4 {er enklere}) 59... Rc2+ 60. Kd3 Rxc7 61. b8=Q Rd7+ 62.
Ke3 Re7+ 63. Kf3 Kxg5 64. Qg8+ Kf6 65. Qf8+ Rf7 66. Qd6+ Kg5 67. Qg3+ Kh6 68.
Qg8 Rg7 69. Qd5 Kg5 70. Qd2+ Kg6 71. Kf4 Kf6 72. Qd6+ Kf7 73. Kxf5 h4 74. Qe6+
Kf8 75. Kf6 Rc7 {Dekker matten på c8, men går inn i en gaffel i stedet} 76.
Qd6+ 1-0

[Event "Klubbmesterskapet 2022 (A)"]
[Site "Ås, Viken NOR"]
[Date "2022.10.27"]
[Round "6"]
[White "Larsen, Jo Ingebrigt"]
[Black "Kielland-Lund, Jon"]
[Result "1/2-1/2"]
[WhiteElo "1601"]
[BlackElo "1715"]
[PlyCount "43"]
[EventDate "2022.09.08"]

1. e4 c6 2. d4 d5 3. Nc3 dxe4 4. Nxe4 Bf5 5. Ng3 Bg6 6. Nf3 Nd7 7. Bd3 e6 8.
O-O Ngf6 9. Re1 Qc7 10. Ne5 Bd6 11. f4 Bxe5 12. dxe5 Nd5 13. Ne4 Bxe4 14. Bxe4
g6 15. c4 Ne7 16. Be3 c5 17. Qa4 O-O 18. Rad1 Rfd8 19. Qc2 Nf5 20. Bf2 Nf8 21.
Rxd8 Rxd8 22. Rd1 1/2-1/2

[Event "Klubbmesterskapet 2022 (A)"]
[Site "Ås, Viken NOR"]
[Date "2022.11.10"]
[Round "7"]
[White "Kielland-Lund, Jon"]
[Black "Brenden, Torbjørn"]
[Result "1-0"]
[WhiteElo "1715"]
[BlackElo "1593"]
[Annotator "Tactical Analysis 5.3 (5s)"]
[PlyCount "79"]
[EventDate "2022.??.??"]

1. c4 c5 2. Nf3 Nf6 3. d4 g6 4. d5 d6 5. g3 Bg7 6. Nc3 O-O 7. Bg2 Nbd7 (7... e6
$14) 8. e4 {White is more active.} (8. a4 $16) 8... a6 (8... b5 $1 $15) 9. a4
$1 $14 Qc7 (9... Ng4 $14) 10. O-O $16 Rb8 11. Qd3 Ng4 12. Bf4 {[#]} (12. Qe2
$16) 12... Nge5 13. Nxe5 Nxe5 14. Qe2 Bg4 15. f3 Bc8 (15... Bd7 $15) 16. Rfe1 (
{White should try} 16. Kh1 $14) 16... b6 (16... Bd7 $11 {remains equal.}) 17.
Be3 (17. Bd2 $16) 17... h6 $2 {[#]} (17... Bd7 $11 {and Black is okay.}) 18. h3
$18 Nd7 19. f4 Nf6 20. Kh2 (20. Rad1 $18) 20... Kh7 21. Bf2 Bb7 22. e5 (22. Qc2
$16) 22... Ne8 $2 {Black is on the road to losing.} (22... dxe5 $11 {and Black
has nothing to worry.} 23. fxe5 Nd7) 23. Rad1 Rd8 (23... dxe5 {was called for.}
24. fxe5 f6) 24. Rd3 (24. a5 {[%emt 0:00:02]}) 24... dxe5 25. fxe5 Qb8 (25...
a5 $142 26. g4 Qc8) 26. Bf3 Ba8 27. Kg2 {[%cal Oa4a5] aiming for a5!} Qc7 (
27... f6 $142 28. exf6 exf6) 28. g4 Qb8 29. Bg3 Qc8 30. Bh4 Qc7 (30... Rd7 31.
Re3 Nc7) 31. d6 Bxf3+ 32. Rxf3 ({Less strong is} 32. Kxf3 exd6 33. Nd5 Qc8 $16)
(32. Rxf3 Nxd6 33. exd6 Rxd6 $19) 32... Nxd6 33. exd6 Rxd6 34. Nd5 Rxd5 35.
cxd5 {[%cal Bc4d5,Bd5d6]} Qd7 36. Rd1 Qxa4 37. Bxe7 Re8 38. d6 Bd4 39. Rxf7+
Kg8 40. Rdf1 {Weighted Error Value: White=0.64/Black=1.17} 1-0

[Event "Klubbmesterskapet 2022 (A)"]
[Site "Ås, Viken NOR"]
[Date "2022.11.10"]
[Round "7"]
[White "Samset, Jon"]
[Black "Larsen, Jo Ingebrigt"]
[Result "1/2-1/2"]
[WhiteElo "1378"]
[BlackElo "1601"]
[PlyCount "68"]

1. e4 d6 2. d4 Nf6 3. Nc3 Nbd7 4. Bd3 e5 5. Nf3 h6 6. O-O c6 7. dxe5 dxe5 8.
Be3 Be7 9. Ne2 Qc7 10. Ng3 g6 11. a4 Nf8 12. c3 h5 13. Bg5 Ne6 14. Bh4 Rg8 15.
Ng5 Nf4 16. Bc4 Rg7 17. Qb3 Bc5 18. Rad1 Bg4 19. Rd2 Nh7 20. h3 Nxg5 21. Bxg5
Be6 22. Bxe6 Nxe6 23. Bf6 Rg8 24. Rfd1 Qb6 25. Qc2 Be7 26. Bxe5 h4 27. Nf1 f6
28. Bd6 Rd8 29. Bxe7 Kxe7 30. Rxd8 Rxd8 31. Rxd8 Qxd8 32. e5 f5 33. Qb3 Qb6 34.
Qxb6 axb6 1/2-1/2

[Event "Klubbmesterskapet 2022 (A)"]
[Site "Ås, Viken NOR"]
[Date "2022.11.10"]
[Round "7"]
[White "Andersen, Odd"]
[Black "Thowsen, Alf Geir"]
[Result "1-0"]
[WhiteElo "1680"]
[BlackElo "1372"]
[PlyCount "71"]
[EventDate "2022.09.08"]

1. d4 Nf6 2. c4 e6 3. a3 c5 4. Nf3 cxd4 5. Nxd4 Bc5 6. e3 O-O 7. b4 Be7 8. Be2
Nc6 9. O-O Qc7 10. Bb2 Nxd4 11. Bxd4 b6 12. Nc3 a6 13. Na4 Rb8 14. Bf3 e5 15.
Bb2 Bb7 16. Rc1 d6 17. Bxb7 Qxb7 18. c5 dxc5 19. bxc5 Bxc5 20. Nxc5 bxc5 21.
Bxe5 Rbd8 22. Qc2 Rd5 23. Bxf6 gxf6 24. Rfd1 Rg5 25. g3 Qf3 26. Qc4 h5 27. Qf4
Qg4 28. Qxg4 hxg4 29. Rd6 Ra8 30. Rxf6 Kg7 31. Rc6 c4 32. R1xc4 f5 33. Ra4 Rg6
34. Rxg6+ Kxg6 35. Kg2 a5 36. h3 1-0

[Event "Klubbmesterskapet 2022 (A)"]
[Site "Ås Viken, NOR"]
[Date "2022.11.10"]
[Round "7"]
[White "Lea, Per"]
[Black "Johansen, Anders Sten"]
[Result "1/2-1/2"]
[WhiteElo "1698"]
[BlackElo "1726"]
[PlyCount "44"]
[EventDate "2022.09.08"]

1. c4 Nf6 2. g3 c6 3. Bg2 d5 4. cxd5 cxd5 5. d4 Nc6 6. Nf3 Bf5 7. a3 e6 8. O-O
Be7 9. b4 O-O 10. Nc3 Rc8 11. Bb2 Ne4 12. Rc1 a6 13. e3 b5 14. Nxe4 Bxe4 15.
Nd2 Bxg2 16. Kxg2 a5 17. bxa5 Nxa5 18. Qe2 Nc4 19. Nxc4 bxc4 20. Rc3 Ra8 21.
Ra1 Ra4 22. Qc2 Qa5 1/2-1/2

[Event "Klubbmesterskapet 2022 (A)"]
[Site "Ås, Viken NOR"]
[Date "2022.11.10"]
[Round "7"]
[White "Furnes, Torstein"]
[Black "Olsen, Trygve"]
[Result "1-0"]
[WhiteElo "1747"]
[BlackElo "1504"]
[Annotator "Furnes, Torstein"]
[PlyCount "77"]
[EventDate "2022.09.08"]

1. d4 c5 2. dxc5 Qa5+ 3. Nc3 Qxc5 4. Nf3 Nf6 5. e3 e6 6. Bd3 a6 7. O-O Nc6 8.
Ne4 Nxe4 9. Bxe4 d5 10. Bd3 e5 11. Be2 g6 12. b3 Bg7 13. Bb2 O-O 14. c4 d4 15.
exd4 exd4 16. Qc1 Rd8 17. Rd1 Bg4 18. h3 Bxf3 19. Bxf3 Rd7 20. a3 Ne5 21. Bd5
d3 22. Ra2 Re8 23. Bxe5 Rxe5 24. Qf4 (24. Rxd3 $4 {går ikke pga} Rexd5 $1 25.
Rxd5 Rxd5 {og hvit kan ikke slå tårnet fordi dronningen på c1 er ubeskyttet.})
(24. Qd2 $4 {taper etter} Re2) (24. Rad2 $4 {går heller ikke pga} Re2 25. Rxe2
(25. Rf1 Bh6) 25... dxe2 26. Re1 Rxd5 $3 27. cxd5 Qxc1 28. Rxc1 Bc3 $1) 24...
Rde7 25. Qf3 b5 26. Qxd3 Re1+ 27. Kh2 Qc7+ 28. g3 bxc4 29. bxc4 h5 $2 {
Tapstrekket.} 30. Rxe1 Rxe1 31. Qxg6 h4 32. Rb2 hxg3+ 33. fxg3 Re8 34. Rf2 Rf8
35. h4 Qe7 36. h5 ({Førstevalget til Stockfish er} 36. c5 {med matt i 14 trekk.
F.eks.} Kh8 37. Qh5+ Kg8 38. Rf5 Qd7 39. c6 Qe7 40. Qg6 a5 41. Kh3 Qa7 42. Rg5
Qd4 43. c7 Qc3 44. Bc4 Qa1 45. Bxf7+ Rxf7 46. c8=Q+ Rf8 47. Qc4+ Kh8 48. Rh5+
Bh6 49. Qxh6#) 36... Qe3 37. Rxf7 Rxf7 38. Qxf7+ Kh8 ({På} 38... Kh7 {foreslår
Stockfish} 39. c5 $1 Qxc5 40. Be4+ Kh8 41. h6 Qf8 42. hxg7+ Qxg7 43. Qxg7+ Kxg7
{osv}) 39. Qg8# 1-0

[Event "Klubbmesterskapet 2022 (A)"]
[Site "Ås, Viken NOR"]
[Date "2022.11.17"]
[Round "8"]
[White "Brenden, Torbjørn"]
[Black "Olsen, Trygve"]
[Result "1-0"]
[WhiteElo "1593"]
[BlackElo "1504"]
[PlyCount "79"]
[EventDate "2022.09.08"]

1. d4 c5 2. d5 d6 3. c4 Nf6 4. Nc3 Bf5 5. f3 e5 6. e4 Bd7 7. h4 Nh5 8. Nge2 Be7
9. g3 Nxg3 10. Nxg3 Bxh4 11. Nce2 h5 12. Bh3 Qf6 13. Kf2 g5 14. Bxd7+ Nxd7 15.
Kg2 O-O-O 16. Nf5 Rhg8 17. Qa4 Kb8 18. b4 g4 19. Rxh4 Nb6 20. Qb3 gxf3+ 21.
Kxf3 Qg6 22. Neg3 Rh8 23. bxc5 dxc5 24. Be3 Nd7 25. Rb1 b6 26. a4 a5 27. Qc3
Ka7 28. Rbh1 Rdg8 29. Rg1 Qf6 30. Rgh1 Qg6 31. Qb2 Kb7 32. Qb5 Nf6 33. Bxc5
Nxd5 34. cxd5 Rc8 35. Bxb6 Qxb6 36. Nd6+ Ka7 37. Nxc8+ Rxc8 38. Qxb6+ Kxb6 39.
Rb1+ Ka6 40. Rxh5 1-0

[Event "Klubbmesterskapet 2022 (A)"]
[Site "Ås, Viken NOR"]
[Date "2022.11.17"]
[Round "8"]
[White "Johansen, Anders Sten"]
[Black "Furnes, Torstein"]
[Result "1/2-1/2"]
[WhiteElo "1726"]
[BlackElo "1747"]
[Annotator "Furnes, Torstein"]
[PlyCount "67"]
[EventDate "2022.09.08"]

1. e4 c5 2. Nf3 Nc6 3. d3 d6 4. g3 Nf6 5. Bg2 Bg4 6. c3 g6 7. h3 Bd7 8. O-O Bg7
9. Re1 O-O 10. Be3 Qc8 11. Kh2 Rb8 12. Nbd2 b5 13. a3 a5 14. d4 c4 15. Ng1 e5
16. Ne2 Ne8 17. f4 f5 18. fxe5 fxe4 $2 $18 (18... dxe5 {måtte spilles}) 19.
Nxe4 (19. exd6 Nxd6 20. Bf4 {er bedre.}) 19... dxe5 20. d5 Ne7 21. g4 Nf6 22.
Nxf6+ Rxf6 23. Bg5 Rf7 24. Qd2 Rb6 $2 ({Stockfish vil spille} 24... h6 25. Bxh6
Bxh6 26. Qxh6 Bxg4 $1 {med poenget} 27. hxg4 $4 Rh7) 25. Rf1 Rxf1 26. Rxf1 Qe8
27. d6 Nc8 28. Bd5+ Kh8 29. Ng3 Nxd6 30. Qf2 Rb8 31. Bf6 Qf8 32. Qa7 $11 {
Etter dette trekket synker hvitfordelen fra +8 til 0.} ({Hvit får avgjørende
angrep etter} 32. Bxg7+ Qxg7 (32... Kxg7 33. Qa7) 33. Qc5) 32... Bxf6 33. Qxd7
(33. Rxf6 Qxf6 34. Qxb8+ Be8 $11 {vurderes som 0.00 av Stockfish.} ({Ikke} 
34... Kg7 $4 $18 35. Qa7 Qe7 36. Bc6)) 33... Qe7 34. Qxe7 {Svart tar imot
hvits remistilbud. Stockfish vurderer sluttstillingen som -0.2.} 1/2-1/2

[Event "Klubbmesterskapet 2022 (A)"]
[Site "Ås Viken, NOR"]
[Date "2022.11.17"]
[Round "8"]
[White "Thowsen, Alf Geir"]
[Black "Lea, Per"]
[Result "1/2-1/2"]
[WhiteElo "1372"]
[BlackElo "1698"]
[Annotator "Lea,Per"]
[PlyCount "185"]
[EventDate "2022.09.08"]

1. d4 d5 2. c4 e5 {Albins motgambit, oppkalt etter Adolf Albin (1848-1920) som
spilte det mot Emanuel Lasker i 1893, men sjakkhistorikerne har funnet ut at
det ble spilt mellom Cavalotti og Salvioli i Milano i 1881. Åpningen regnes
ikke som spesielt sunn, men den kan gi gode sjanser for svart hvis hvit er
litt uforsiktig. Min egen score med åpningen i klubbturneringer i Ås Sjakklubb
og Follo sjakkforening før dette partiet, er 15 seire - 3 remis - 2 tap (mot
Trygve Olsen i 1989 og Arne Hovland i 2003.} 3. dxe5 d4 4. Nf3 (4. e3 {kan
ende opp i den kjente Laskerfellen:} Bb4+ 5. Bd2 dxe3 6. Bxb4 $4 (6. fxe3 {er
ikke noe trekk man har lyst til å gjøre, men men det unngår i hvertfall en
rask katastrofe} Qh4+ 7. g3 Qe4 8. Nf3 Bxd2+ 9. Nbxd2 Qxe3+ {gir en lik
stilling: hvits bønder er litt svake, men svart henger etter i utvikling}) 6...
exf2+ 7. Ke2 (7. Kxf2 $4 Qxd1) 7... fxg1=N+ {Poenget! Siden det er med sjakk,
så rekker ikke hvit å bytte dronninger før springeren slås.} 8. Ke1 (8. Rxg1 $4
Bg4+ {vinner umiddelbart}) 8... Qh4+ 9. Kd2 Nc6 10. Qe1 Qd4+ 11. Kc1 Nxb4 12.
Qxb4 Qf2 {Svart leder med en springer og får løperen og det ene tårnet raskt
med i angrep}) 4... Nc6 5. Nbd2 Bg4 6. g3 Qd7 7. Ne4 ({Etter} 7. Bg2 Bh3 8. O-O
Bxg2 9. Kxg2 O-O-O {står hvit bedre}) 7... Bxf3 {Vinner tilbake bonden
umiddelbart, men er litt for enkelt.} (7... O-O-O) ({og} 7... Bf5 {er to
alternativ som heller gir litt spill for bonden}) 8. exf3 Nxe5 9. Bf4 ({Etter} 
9. f4 {er hvit igjen i førersetet, men det virker jo naturlig å utvikle en
offiser}) 9... Ng6 (9... Bb4+ 10. Bd2 Bxd2+ 11. Nxd2 (11. Qxd2 {går
selvfølgelig ikke på grunn av} Nxf3+)) 10. Bd2 h6 11. Bc1 {For å gi springeren
et fluktfelt hvis går fram med f-bonden} ({Men hvit kunne trygt spilt} 11. Qb3
O-O-O 12. O-O-O f5 13. Bh3) 11... O-O-O {Nå er det svart som står litt bedre}
12. Be2 {En stygg feil, som svart ikke ser} d3 (12... f5 $1 13. Nd2 d3 14. Bf1
Re8+) 13. Bf1 f5 14. Nc3 ({Også her har hvit ressursen} 14. Bh3) 14... Re8+ (
14... Qe6+ 15. Be3 d2+ 16. Qxd2 (16. Ke2 Qxc4#) 16... Rxd2 17. Kxd2 {og svart
har dronning mot tårn}) 15. Be3 f4 $2 (15... Ne5) ({og} 15... Bc5 {ble også
vurdert, men bare det førstnevnte gir fordel for svart}) 16. gxf4 Nxf4 17. a3 {
Tempotap. Svart hadde uansett ikke vurdert å sette løperen på b4.} Bc5 18. Ne4
(18. Qd2 {- som jeg ventet på, gir en helt lik stilling, men under partiet
fryktet jeg at det ga fordel for hvit}) 18... Bxe3 19. fxe3 {Dette er faktisk
en vinststilling for svart, men det var jeg overhodet ikke klar over} Ng6 {Nå
er det igjen hvit som har fordel} (19... Nf6 20. Rg1 (20. exf4 Nxe4 21. fxe4
Rxe4+ 22. Kd2 Rd8) (20. Nxf6 {hjelper ikke:} Qd4 21. Qd2 Rxe3+ 22. Kd1 gxf6))
20. h4 {En ekkel trussel ...} ({Hvorfor ikke det enkle} 20. Qxd3) 20... Qf7 21.
Bxd3 Ne5 22. Rf1 $2 (22. f4) 22... Rd8 23. Nc5 b6 ({Overser fullstendig
dobbeltangrepet} 23... Qe7) 24. f4 Nxc4 $2 ({Også her er det bedre å øke
presset heller enn å raske med seg en liten bonde} 24... Nxd3+ 25. Nxd3 Qf5 26.
Ke2 Nf6 27. Qc2 Ne4) 25. Qb3 {... og hvit har nok en gang fått en klar fordel}
Nd6 26. Qxf7 (26. Ne6 Re8 27. f5 {Her hadde det ikke vært morsomt å være i
svarts sko}) 26... Nxf7 27. Bf5+ Kb8 {Her begynte å frykte et mattbilde med
løper på e4, springer på a6 og svarts konge på a8,} 28. Na6+ ({Også her skal} 
28. Ne6 {være bedre - de svarte bøndene på kongefløyen kan vise seg å bli
utsatte, noe de ble seinere i partiet.}) 28... Kb7 29. Nb4 Nd6 30. Rd1 {Denne
stillingen er helt død i følge Stockfish. Men det tok oss ytterligere 63 trekk
å bli enig ...} Nf6 31. Bh3 Rhe8 32. Ke2 c6 $2 ({Løpersjakken er ikke så
farlig som fryktet:} 32... c5 33. Bg2+ Kc7 34. Nc6 Rd7 35. Ne5 (35. Nxa7 Rde7 {
vinner en bonde, men det går på bekostning av aktivitet})) 33. Rg1 (33. Bg2
Nfe4 34. Rg1 {og svart klarer ikke å berge g-bonden}) 33... Nh5 34. Kf3 Nc4 $2
(34... c5 {er bedre, men etter nettopp ha spilt bonden ett skritt fram, er det
ikke lett å innrømme feilen.}) 35. Rxd8 $1 {Det eneste trekket som gir
vinststilling til hvit} Rxd8 36. b3 {Ser litt pussig ut, men svarts springer
blir stående enda mer off-side på a3 enn b2. Men for n-te gang i partiet var
det feil av en av spillerne å spise bønder fram for å angripe.} (36. Bg4 Nf6
37. Be6 {og g-bonden faller}) 36... Nxa3 37. Ke2 ({Også nå var} 37. Bg4 {bedre}
) 37... a5 38. Nd3 Nb5 {Nå er vi innenfor remisgrensene igjen} 39. Bg4 Nf6 40.
Bf3 Nc3+ 41. Kd2 Nce4+ 42. Bxe4 Nxe4+ 43. Ke2 Rd7 44. Rc1 ({Etter} 44. Ne5 {
har svart en liten fordel, men etter teksttrekket blir fordelen vesentlig
større}) 44... Ng3+ 45. Kd2 Nf5 46. Rh1 c5 47. Rh3 {Planen er kanskje å dekke
e3, men tårnet blir stående ganske passivt der} Kc6 {Aktiverer kongen, men:
"Når du ser et godt trekk - vent før du trekker og se om du heller kan finne
et bedre trekk" (Emanuel Lasker).} (47... a4 $1 {Hvit kan ikke slå bonden, og
heller ikke gå forbi, på grunn av bindinga i d-linja.} 48. Kc3 axb3 49. e4 Nd4
{gir klar vinststilling for svart} ({eller} 49... Nd6)) 48. Ke2 Kd5 49. Kf3 Ke6
50. Ke2 Kf6 (50... Ra7 {"Tårnet skal bak bonden" (Gammel indisk
barnehagevisdom)}) 51. h5 Rc7 52. Kd2 c4 53. bxc4 Rxc4 54. Ne5 Rb4 55. Kc3 Rb1
{Litt planløst, men tidsnøden hadde satt inn} (55... b5 {er både enkelt og godt
}) 56. e4 Nd6 57. Re3 Rb4 58. Kd3 Rb3+ 59. Kd4 Rxe3 (59... Nb5+ {I ettertid
trodde jeg at jeg hadde gått glipp av} 60. Kc4 Rxe3 {med kvalitetsgevinst men}
61. Ng4+ {vinner materiellet tilbake. Men stillingen skal fremdeles være
vunnet for svart}) 60. Kxe3 Ke6 {Svart burde begynt å gå med en av fribøndene
straks} 61. Kd4 a4 62. Nc6 b5 63. Nb4 Nc4 64. f5+ Kf6 65. Kc5 Na3 {Riktig felt
- feil brikke} (65... a3 {Hvit kan få spise begge de svarte fribøndene, men
svart spiser da de resterende hvite og bør vinne lett}) 66. Kd5 Nb1 67. Kd6 Nc3
68. e5+ Kxf5 69. e6 Ne4+ 70. Ke7 g5 ({Både} 70... Ng5) ({og} 70... Nc5 {vinner
den hvite bonden direkte. En utrolig overseelse. Stockfish gir svart en fordel
på ca 16(!) bønder.}) 71. hxg6 Kxg6 72. Kd7 a3 (72... Nc5+ 73. Kd6 (73. Kc6
Nxe6 74. Nc2 h5 75. Kxb5 h4 76. Kxa4 h3 {og bonden går inn}) 73... Nxe6 74.
Kxe6 {vinner fordi det er bønder på begge fløyer}) 73. Kd8 Nf6 74. e7 h5 ({Her
har jeg rett og slett oversett det totalt avgjørende} 74... Kf7 {Sjakkblindhet
eller begynnende senilitet? Eller begge? Etter denne overseelsen er stillingen
remis, men jeg oppdaget til min forskrekkelse at jeg nesten greide å tape.})
75. Nd5 a2 76. Nxf6 Kf5 (76... Kxf6 {Jeg trodde jeg hadde store vinstsjanser i
det sluttspillet med dronning og 2 bønder mot dronning som kunne oppstå, men
for det første faller h-bonden umiddelbart. Verre er det at hvit har} 77. e8=Q
a1=Q $4 78. Qh8+) 77. e8=Q a1=Q 78. Qxh5+ Ke6 {Igjen var springeren tabu på
grunn av dronningsjakken på h8} 79. Qe8+ Kd6 {Se kommentar til forrige trekk ..
.} 80. Qd7+ Kc5 81. Qd5+ Kb4 (81... Kb6 {hadde vært en en verdig avslutning på
kvelden:} 82. Nd7+ Ka7 (82... Ka5 {holder ut litt lenger - men koster en hel
dronning}) (82... Ka6 83. Qa8#) 83. Qc5+ Ka8 84. Qc6+ Ka7 85. Qc5+ Ka8 86. Qc6+
Ka7 87. Qb6+ Ka8 88. Qb8#) 82. Qe4+ Kb3 83. Qd3+ Ka4 84. Qe4+ Kb3 85. Nd5 Qa8+
86. Kc7 Qa7+ 87. Kc6 Qa4 88. Qd3+ Kb2 89. Qc3+ Kb1 90. Nb4 Qa8+ 91. Kxb5 Qb8+
92. Ka5 Qa8+ 93. Na6 {Og her innså hvit at svart klarer å sjakke seg til remis}
1/2-1/2

[Event "Klubbmesterskapet 2022 (A)"]
[Site "Ås, Viken NOR"]
[Date "2022.11.17"]
[Round "8"]
[White "Kielland-Lund, Jon"]
[Black "Samset, Jon"]
[Result "1-0"]
[WhiteElo "1715"]
[BlackElo "1378"]
[Annotator "Tactical Analysis 5.3 (5s)"]
[PlyCount "41"]
[EventDate "2022.09.08"]

1. c4 b6 2. Nf3 Nf6 3. d4 e6 4. g3 Bb7 5. Bg2 c5 {[#]} 6. e3 (6. d5 $1 $16)
6... d5 7. cxd5 Bxd5 8. O-O Bd6 {White is slightly better.} 9. Nc3 {[%cal
Oe3e4] Black must now prevent e4!} Bc4 $2 (9... Bc6 $14) 10. Re1 {Hoping for
dxc5.} Nbd7 11. Ne5 $2 (11. e4 $18 {is more deadly.}) 11... Bd5 $2 (11... Bxe5
$16 12. dxe5 Nxe5) 12. Nxd5 {White is clearly winning.} exd5 13. Nxd7 Qxd7 14.
e4 Be7 (14... dxe4 $142 15. Bg5 Qf5) 15. exd5 $18 Nxd5 16. dxc5 Rd8 17. cxb6
Nxb6 18. Qe2 Nc8 19. Bg5 {This bishop pair is nice.} f6 20. Rad1 Nd6 {[#]} 21.
Bc6 $1 {Black did not feel at home in the position after the opening. Weighted
Error Value: White=0.97/Black=1.65} 1-0